000 00866nam a22003257a 4500
001 BR8401394
003 BR-BrBNA
005 20230928091906.0
007 ta
008 230509b bl.||||| |||| 00| 0 por d
040 _aBR-BrBNA
_bpor
_cBiblioteca Nacional de Agricultura
041 _a(Por)
072 _aQ40
_b9000
090 _ 9000 BR8401394
100 1 _aAntunes, A.J.
100 1 _aCanhos, V.P.
110 1 _aSecretaria da Industria, Comercio, Ciencia e Tecnologia do Estado de Sao Paulo, Sao Paulo (Brasil)
245 1 _aAditivos em alimentos
260 3 _aSao Paulo, SP (Brasil):
_c[nd].
300 _a178 p.
500 _aPublished 1983?
650 _aALIMENTO
650 _aADITIVO
650 _aANTIOXIDANTE
650 _aCORANTE
650 _aVITAMINA
650 _aENZIMA
909 _a202309
_bLucia
_c55
_dLucia Elande
942 _cBK
999 _c36069
_d36069